000 00580cam a22002171 4500
001 f 01001513
003 DLC
005 20260227111240.0
008 840502s1897 fr 000 1 fre
010 _af 01001513
035 _a(OCoLC)10680833
040 _aDLC
_cNhD
_dNhD
_dDLC
042 _apremarc
050 0 0 _aPQ2411
_b.N4 1897
100 1 _aSand, George,
_d1804-1876.
245 1 0 _aNarcisse,
_cpar George Sand.
250 _aNouv. éd.
260 _aParis,
_bCalmann Lévy,
_c1897.
300 _a2 p. l., 264 p.
_c12 mo.
490 0 _aŒurves complètes de George Sand
999 _c22586
_d22586